| 000 | 00505nam a2200157 4500 | ||
|---|---|---|---|
| 005 | 20260424231445.0 | ||
| 008 | - | ||
| 040 |
_aBiblioteca LadoV Teorética _cBiblioteca LadoV Teorética |
||
| 082 | 0 | 4 |
_a708.946.754.2 _bM843c |
| 100 | 1 | _aMoreno G., Víctor | |
| 245 | 1 | 3 |
_aUna cuenta atrás / _cpor Víctor G. Moreno |
| 260 | 1 |
_aEspaña : _bEl almacén, _c2024 |
|
| 300 |
_a61 páginas : _bfotografías a color ; _c30 x 23 cm. _e + folleto de texto |
||
| 650 | 7 |
_2UNESCO _aGALERÍA DE ARTE |
|
| 942 |
_2ddc _c1 _n0 |
||
| 999 |
_c4657 _d4657 |
||